Normal view MARC view
  • Regional workshop on nature and biodiversity as world heritage

Entry Nombre de Reunión

Number of records used in: 1

001 - NÚMERO DE CONTROL

  • campo de control: 59245

003 - IDENTIFICADOR DE NÚMERO DE CONTROL

  • campo de control: MX-MxUPN

005 - FECHA Y HORA DE LA ÚLTIMA TRANSACCIÓN

  • campo de control: 20260413114459.0

008 - DATOS DE LONGITUD FIJA

  • campo de control de longitud fija: 260413nn acnnnaabn n ana d

040 ## - FUENTE DE CATALOGACIÓN

  • Agencia original de catalogación: MX-MxUPN
  • Lenguaje de catalogación: spa

111 2# - ENCABEZAMIENTO - NOMBRE DE REUNIÓN

  • Nombre de reunión o de jurisdicción: Regional workshop on nature and biodiversity as world heritage
  • Fecha de la reunión : (2000 :
  • Lugar de la reunión: Tokyo y Yakushima, Japón)

670 ## - FUENTE EN LA QUE SE LOCALIZARON DATOS

  • Cita de la fuente: Implications for national nature conservation and protected area management policies in East and Sotheast Asia, 2000 :
  • Información localizada: portada (Regional workshop on nature and biodiversity as world heritage; Tokyo and Yakushima, Japan , 2000)

902 ## - CATALOGADOR

  • Catalogador: VíctorGodínez/130426